000 00450nam a2200181Ia 4500
001 4617
005 20260306145809.0
008 260306t2017||||xx |||||||||||||| ||spa||
041 _aESP
082 _a327.84085
_bP23
100 _aPanfichi, Aldo
_eAUT
245 0 _aLa frontera disputada:
_bla ruta a la sentencia de La Haya
260 _c2017
300 _a208 páginas :
_c21 cm.
650 _aGEN
654 _aCHU
942 _cLIB
_dJUS
_fJUS
_2ddc
_n
999 _c4617
_d4617